NBA Player's Nickname #2 - Statistiques

Statistiques générales
  • Ce quiz a été pris 24 fois
  • Le résultat moyen est 9 sur 15
Statistiques - réponses
Hint Réponse % Correct
The Black Mamba Kobe Bryant
100%
The Great Wall of China Yao Ming
96%
Game 6 Klay Klay Thompson
87%
T-Mac Tracy McGrady
87%
The Alien Victor Wembanyama
83%
The Answer Allen Iverson
78%
Big Diesel / The Shaqtus Shaquille O'neal
74%
Air Canada Vince Carter
70%
Play-Off P Paul George
57%
The Big Ticket Kevin Garnett
52%
The Glove Gary Payton
35%
White chocolate Jason Williams
30%
The Worm Dennis Rodman
22%
The Flash Dwyane Wade
22%
The Tower from Power Kareem Abdul Jabbar
4%
Aucun quiz correspondant
Distribution des résultats
% des personnes avec chaque résultat
Percentile par nombre de réponses
Votre historique - résultats
Vous n’avez pas pris ce quiz